L'universale Religione

Uloženo v:
Podrobná bibliografie
Hlavní autor: Il Giornale
Médium: Kniha
Jazyk:neznámý jazyk
Vydáno: Le Garzantine
Tagy: Přidat tag
Žádné tagy, Buďte první, kdo vytvoří štítek k tomuto záznamu!

MARC

LEADER 00000nam a2200000Ia 4500
001 R-13
003 CODICE-MESSINA
005 20260212102445.0
008 260211s9999 xx 000 0 und d
040 |c importazione_messina 
100 |a Il Giornale 
245 0 |a L'universale Religione 
260 |b Le Garzantine 
942 |2 ddc  |c BK 
952 |0 0  |1 0  |2 ddc  |4 0  |6 SCAFFALE_1_000000000000000__RELIGIONE  |7 0  |9 30824  |a ME  |b ME  |d 2026-02-11  |l 0  |o SCAFFALE 1 - RELIGIONE  |p R-13  |r 2026-02-11 23:52:10  |w 2026-02-11  |x [REVISIONARE]  |y BK 
999 |c 26491  |d 26491